000 00632nam a2200205 i 4500
001 58429
003 ES-MaACL
005 20230906163815.0
007 t|
008 031022s1911 fr ||||1| fre d
100 1 _aDugas, L.
_9182644
245 1 3 _aLa dépersonnalisation /
_cpar L. Dugas et F. Moutier.
260 _aParis :
_bFélix Alcan,
_c1911 (
_eEvreux :
_fCh. Herissey)
300 _aVIII, 223 p. ;
_c19 cm.
490 1 _aBibliothèque de philosophie contemporaine
700 1 _aMoutier, F.
_983927
830 0 _aBibliothèque de philosophie contemporaine
_9181027
852 _aES-MaACL
_jF-11952
999 _c58429
_d58429